000 01044cam a2200265 4500
001 ABS62440
008 000000n2000 000 0 eng u
035 _a(Sirsi) u106409
100 _aSmith, K.
245 4 _aThe dinosaurs awake
260 _c2000
490 _aProperty Week
_v65 (12) 26 May 2000, 36-44(5)
520 _aExamines the performance of institutional investors in the property sector. Looks at how mergers are revolutionising the way institutions invest in property, and speculates on the next step for securitised vehicles. Questions how definitive the IPD can be whilst 50 property companies do not contribute data. Graph.
590 _aABS
650 _aINSTITUTIONAL INVESTORS
650 _aSECURITISED PROPERTY VEHICLES
650 _aRISK MANAGEMENT
650 _aSECURITISATION
650 _aPROPERTY UNIT TRUSTS
650 _aINVESTMENT PROPERTY DATABANK
650 _aIPD
690 _aPROPERTY-COMMERCIAL PROPERTY-COMMERCIAL PROPERTY FINANCE AND INVESTMENT
700 _aBarnes, R.
942 _n0
999 _c63734
_d63734